[Event "GER-ch Net blitz qual3"]
[Site "Playchess.com INT"]
[Date "2021.05.07"]
[Round "2"]
[White "Beck, Arno"]
[Black "Bessemer, Karsten"]
[Result "0-1"]
[WhiteElo "1285"]
[BlackElo "1671"]
[PlyCount "98"]
[EventDate "2021.05.07"]
[EventType "swiss (blitz)"]
[EventRounds "11"]
[EventCountry "GER"]
[SourceTitle "CBM 202 Extra"]
[Source "ChessBase"]
[SourceDate "2021.07.31"]
[SourceVersion "1"]
[SourceVersionDate "2021.07.31"]
[SourceQuality "1"]

1. e4 e6 2. Nf3 d5 3. d3 dxe4 4. dxe4 Qxd1+ 5. Kxd1 Nf6 6. Nc3 Bb4 7. Bd2 0-0 8. e5 Nfd7 9. Bd3 h6 10. a3 Ba5 11. b4 Bb6 12. Be3 Nc6 13. Kd2 Ncxe5 14. Bxb6 Nxf3+ 15. gxf3 Nxb6 16. Rhe1 Bd7 17. Re4 Bc6 18. Rf4 Rad8 19. Re1 Nd5 20. Nxd5 Bxd5 21. Kc3 Rc8 22. Rd4 c5 23. bxc5 Rxc5+ 24. Kb2 Bxf3 25. Re3 Bd5 26. c3 Rfc8 27. Bc2 b5 28. Bb3 Bxb3 29. Kxb3 R8c7 30. Rd8+ Kh7 31. Rdd3 a5 32. h4 g5 33. hxg5 hxg5 34. Rh3+ Kg6 35. Rhg3 R7c6 36. f4 f6 37. fxg5 Rxg5 38. Rxg5+ Kxg5 39. Rg3+ Kf4 40. Rd3 f5 41. Rd4+ Ke5 42. Rd3 f4 43. a4 bxa4+ 44. Kxa4 Rc5 45. Rd4 f3 46. Rd1 Kf4 47. Rf1 e5 48. Kb3 e4 49. Kc2 a4 0-1

[Event "GER-ch Net blitz qual3"]
[Site "Playchess.com INT"]
[Date "2021.05.07"]
[Round "9"]
[White "Bessemer, Karsten"]
[Black "Bluebaum, Johanna"]
[Result "1-0"]
[WhiteElo "1671"]
[BlackElo "1817"]
[PlyCount "85"]
[EventDate "2021.05.07"]
[EventType "swiss (blitz)"]
[EventRounds "11"]
[EventCountry "GER"]
[SourceTitle "CBM 202 Extra"]
[Source "ChessBase"]
[SourceDate "2021.07.31"]
[SourceVersion "1"]
[SourceVersionDate "2021.07.31"]
[SourceQuality "1"]

1. d4 d5 2. Bf4 c5 3. e3 Nc6 4. c3 e6 5. Nf3 Qb6 6. Qb3 Nf6 7. Nbd2 cxd4 8. exd4 Qxb3 9. axb3 Be7 10. b4 0-0 11. Bd3 Nh5 12. Bc7 Bd7 13. Ne5 Nxe5 14. Bxe5 f6 15. Bg3 Nxg3 16. hxg3 g6 17. 0-0 Bd6 18. Nb3 b6 19. f4 e5 20. Ba6 Rab8 21. Nd2 exd4 22. Bd3 dxc3 23. bxc3 Rb7 24. Nb3 Rc7 25. Rf3 Rfc8 26. Ba6 Re8 27. Nd4 Bg4 28. Bb5 Rec8 29. Ba6 Re8 30. Bb5 Re4 31. Rd3 g5 32. Nc6 Be2 33. Rxd5 Bxb5 34. Nxa7 Bc4 35. Rxd6 Kf7 36. fxg5 fxg5 37. Rxb6 Bd3 38. Nb5 Kg7 39. Nxc7 Re7 40. Nd5 Rd7 41. Ne3 Re7 42. Nf1 Re2 43. Ra7+ 1-0

[Event "GER-ch Net blitz qual3"]
[Site "Playchess.com INT"]
[Date "2021.05.07"]
[Round "7"]
[White "Bessemer, Karsten"]
[Black "Boettner, Juergen"]
[Result "1-0"]
[WhiteElo "1671"]
[BlackElo "1454"]
[PlyCount "39"]
[EventDate "2021.05.07"]
[EventType "swiss (blitz)"]
[EventRounds "11"]
[EventCountry "GER"]
[SourceTitle "CBM 202 Extra"]
[Source "ChessBase"]
[SourceDate "2021.07.31"]
[SourceVersion "1"]
[SourceVersionDate "2021.07.31"]
[SourceQuality "1"]

1. d4 d5 2. Bf4 c6 3. e3 Nf6 4. c4 e6 5. Nc3 Nbd7 6. Nf3 Ne4 7. Bd3 Nxc3 8. bxc3 Nf6 9. 0-0 Ne4 10. Qc2 f5 11. Ne5 Be7 12. f3 Nf6 13. cxd5 cxd5 14. Bb5+ Bd7 15. Nxd7 Nxd7 16. c4 dxc4 17. Qxc4 Kf7 18. d5 exd5 19. Qxd5+ Ke8 20. Rfd1 1-0

[Event "GER-ch Net blitz qual3"]
[Site "Playchess.com INT"]
[Date "2021.05.07"]
[Round "10"]
[White "Bessemer, Karsten"]
[Black "Mao, Kevin"]
[Result "1-0"]
[WhiteElo "1671"]
[BlackElo "1844"]
[PlyCount "87"]
[EventDate "2021.05.07"]
[EventType "swiss (blitz)"]
[EventRounds "11"]
[EventCountry "GER"]
[SourceTitle "CBM 202 Extra"]
[Source "ChessBase"]
[SourceDate "2021.07.31"]
[SourceVersion "1"]
[SourceVersionDate "2021.07.31"]
[SourceQuality "1"]

1. d4 Nf6 2. Bf4 Nc6 3. e3 e6 4. Nf3 d6 5. Nbd2 Nh5 6. Bg5 Be7 7. Bxe7 Qxe7 8. Be2 Nf6 9. c4 0-0 10. a3 e5 11. d5 Nb8 12. e4 Bg4 13. 0-0 Nbd7 14. h3 Bh5 15. b4 Bg6 16. Qc2 Nh5 17. Rac1 Nf4 18. Bd3 Bh5 19. c5 dxc5 20. bxc5 Qf6 21. c6 Qg6 22. g3 Nxh3+ 23. Kg2 Nf4+ 24. Kg1 Nf6 25. Nh4 Qg5 26. Ndf3 Bxf3 27. Nxf3 Nh3+ 28. Kg2 Nf4+ 29. Kg1 Qh5 30. Nh2 Nh3+ 31. Kg2 b6 32. Qe2 Qh6 33. Ng4 Nxg4 34. Qxg4 Ng5 35. f4 exf4 36. gxf4 Nxe4 37. Bxe4 Rae8 38. Bf3 Qf6 39. Rfe1 Qb2+ 40. Kg3 Qxa3 41. Rxe8 Rxe8 42. Qd7 Qe7 43. Qxe7 Rxe7 44. d6 1-0

[Event "GER-ch Net blitz qual3"]
[Site "Playchess.com INT"]
[Date "2021.05.07"]
[Round "6"]
[White "Gallasch, Robin"]
[Black "Bessemer, Karsten"]
[Result "1-0"]
[WhiteElo "1835"]
[BlackElo "1671"]
[PlyCount "79"]
[EventDate "2021.05.07"]
[EventType "swiss (blitz)"]
[EventRounds "11"]
[EventCountry "GER"]
[SourceTitle "CBM 202 Extra"]
[Source "ChessBase"]
[SourceDate "2021.07.31"]
[SourceVersion "1"]
[SourceVersionDate "2021.07.31"]
[SourceQuality "1"]

1. d4 d5 2. c4 c6 3. cxd5 cxd5 4. Nc3 Nf6 5. Bf4 e6 6. e3 Bd6 7. Bxd6 Qxd6 8. Bd3 Nc6 9. f4 0-0 10. Nf3 h6 11. 0-0 a6 12. Ne5 b5 13. Rc1 Bb7 14. a3 Na5 15. Bb1 Nc4 16. Qe2 Ne4 17. Nxe4 dxe4 18. Nxc4 bxc4 19. Rxc4 Bd5 20. Rc5 Rfc8 21. Rfc1 Rxc5 22. Rxc5 Rb8 23. b4 f6 24. Ba2 g5 25. Bxd5 exd5 26. Qh5 Kg7 27. f5 Rf8 28. Qg6+ Kh8 29. Qxh6+ Kg8 30. Qg6+ Kh8 31. h4 gxh4 32. Qh6+ Kg8 33. Qxh4 Kg7 34. Qg4+ Kf7 35. Qg6+ Ke7 36. Qg7+ Rf7 37. Qg8 Rf8 38. Qxd5 Qb6 39. Rc6 Qb7 40. Re6+ 1-0

[Event "GER-ch Net blitz qual3"]
[Site "Playchess.com INT"]
[Date "2021.05.07"]
[Round "8"]
[White "Stangl, Anita"]
[Black "Bessemer, Karsten"]
[Result "1/2-1/2"]
[WhiteElo "1907"]
[BlackElo "1671"]
[PlyCount "160"]
[EventDate "2021.05.07"]
[EventType "swiss (blitz)"]
[EventRounds "11"]
[EventCountry "GER"]
[SourceTitle "CBM 202 Extra"]
[Source "ChessBase"]
[SourceDate "2021.07.31"]
[SourceVersion "1"]
[SourceVersionDate "2021.07.31"]
[SourceQuality "1"]

1. e4 e6 2. Nf3 d5 3. Nc3 c6 4. exd5 cxd5 5. d4 Nf6 6. Bd3 Be7 7. 0-0 0-0 8. Bf4 Bd6 9. Bg5 Be7 10. Ne5 Nc6 11. Nxc6 bxc6 12. Qf3 h6 13. Be3 Qb6 14. b3 Ba6 15. Na4 Qa5 16. Bxa6 Qxa6 17. Rac1 Ne4 18. c4 Ba3 19. Rc2 Rac8 20. Qg4 Kh8 21. f3 Nf6 22. Qh4 Be7 23. Nc5 Qa5 24. Qh3 Bxc5 25. dxc5 Qd8 26. cxd5 cxd5 27. Bd4 Qe7 28. b4 e5 29. Re1 e4 30. fxe4 dxe4 31. Bxf6 Qxf6 32. Rxe4 Rcd8 33. Re1 Qd4+ 34. Kh1 Qxb4 35. Rec1 Rc8 36. c6 Rc7 37. Qc3 Qxc3 38. Rxc3 Rfc8 39. Kg1 Rf8 40. Kf2 f5 41. Rd3 Rff7 42. Kf3 g5 43. Rd6 Kg7 44. Re1 Rf6 45. Ree6 Rxe6 46. Rxe6 h5 47. h3 Kf7 48. Rd6 Ke7 49. Rh6 g4+ 50. hxg4 hxg4+ 51. Kf4 g3 52. Kxf5 Rc8 53. Ke5 Rf8 54. Rh7+ Kd8 55. Rg7 Rf2 56. Rxg3 Rxa2 57. Rg6 Rc2 58. g4 a5 59. Kd6 Rd2+ 60. Kc5 a4 61. Rg8+ Kc7 62. Rg7+ Kd8 63. Ra7 Ra2 64. Kb6 Rb2+ 65. Kc5 Ra2 66. Ra5 Ra3 67. Kb6 Rb3+ 68. Ka6 Rb4 69. Rf5 Kc7 70. Ka5 Rc4 71. g5 Kxc6 72. g6 Rg4 73. Rf6+ Kd7 74. Ra6 a3 75. Kb5 a2 76. Rxa2 Rxg6 77. Ra7+ Kc8 78. Kc5 Kb8 79. Rf7 Kc8 80. Rh7 Kb8 1/2-1/2

[Event "GER-ch Net blitz qual3"]
[Site "Playchess.com INT"]
[Date "2021.05.07"]
[Round "4"]
[White "Weidenhoefer, Max"]
[Black "Bessemer, Karsten"]
[Result "0-1"]
[WhiteElo "1841"]
[BlackElo "1671"]
[PlyCount "58"]
[EventDate "2021.05.07"]
[EventType "swiss (blitz)"]
[EventRounds "11"]
[EventCountry "GER"]
[SourceTitle "CBM 202 Extra"]
[Source "ChessBase"]
[SourceDate "2021.07.31"]
[SourceVersion "1"]
[SourceVersionDate "2021.07.31"]
[SourceQuality "1"]

1. e4 e6 2. d4 d5 3. Bd3 Be7 4. Nf3 dxe4 5. Bxe4 Nf6 6. Bd3 b6 7. 0-0 Bb7 8. c3 0-0 9. Bg5 h6 10. Bh4 Nbd7 11. Bc2 c5 12. Qd3 cxd4 13. cxd4 Be4 14. Qd2 Bxc2 15. Qxc2 Rc8 16. Qd3 Nd5 17. Bxe7 Qxe7 18. a3 Qf6 19. Nbd2 Nf4 20. Qe4 Nd5 21. Rac1 Qf4 22. Qd3 N7f6 23. Nb3 Qe4 24. Qd2 Nf4 25. Rfe1 Qf5 26. Kh1 Nd3 27. Rcd1 Nxe1 28. Rxe1 Nd5 29. Qd1 Qg4 0-1